[Event "Subang Jaya op 12th"]
[Site "Subang Jaya"]
[Date "2024.01.27"]
[Round "3"]
[White "Chua, Qi Ze Jayden"]
[Black "Low, Chee Pang"]
[Result "0-1"]
[WhiteElo "1388"]
[BlackElo "1726"]
[PlyCount "104"]
[EventDate "2024.01.27"]
[EventType "swiss"]
[EventRounds "8"]
[EventCountry "MAS"]
[SourceTitle "CB06_2024"]
[SourceDate "2024.02.07"]
[SourceVersion "1"]
[SourceVersionDate "2024.02.07"]
[SourceQuality "1"]

1. d4 d5 2. Nf3 Bf5 3. Bf4 e6 4. e3 Nd7 5. Bd3 Ngf6 6. Bxf5 exf5 7. h3 c6 8. c3 Qb6 9. Qb3 Be7 10. 0-0 0-0 11. Nbd2 Ne4 12. Nxe4 Qxb3 13. axb3 fxe4 14. Nd2 a6 15. c4 Bb4 16. Nb1 Rfc8 17. Nc3 Bxc3 18. bxc3 f5 19. cxd5 cxd5 20. Rfc1 b5 21. Ra5 Kf7 22. c4 dxc4 23. bxc4 Rxc4 24. Rxc4 bxc4 25. Rxf5+ Ke6 26. Ra5 c3 27. d5+ Kf7 28. Ra2 Rc8 29. Rc2 Nb6 30. d6 Ke6 31. Kf1 Nd5 32. d7 Kxd7 33. Be5 g6 34. Ke2 Rc4 35. f3 a5 36. fxe4 Rxe4 37. Bd4 Re6 38. Kf3 Rc6 39. e4 Nb4 40. Rxc3 Rxc3+ 41. Bxc3 Ke6 42. Ke3 Nc6 43. Kd3 Ne5+ 44. Kc2 a4 45. Bd4 Nc4 46. Kc3 Nd6 47. Kb4 a3 48. e5 Nf5 49. Bc3 Ne3 50. Kxa3 Nxg2 51. Kb4 Nf4 52. h4 Nd5+ 0-1

[Event "Asia Club-ch Hybrid"]
[Site "Tornelo INT"]
[Date "2021.11.07"]
[Round "5.3"]
[White "Karunaratne, Rahel Chaanakya"]
[Black "Chua, Qi Ze Jayden"]
[Result "0-1"]
[WhiteElo "1212"]
[BlackElo "1289"]
[PlyCount "102"]
[EventDate "2021.11.03"]
[EventType "team-swiss"]
[EventRounds "9"]
[EventCountry "NET"]
[SourceTitle "CBM 205 Extra"]
[Source "ChessBase"]
[SourceDate "2022.01.31"]
[SourceVersion "1"]
[SourceVersionDate "2022.01.31"]
[SourceQuality "1"]
[WhiteTeam "Super Knight CC II"]
[BlackTeam "Lion City Meetup"]
[WhiteTeamCountry "SRI"]
[BlackTeamCountry "SIN"]

1. e4 e6 2. d4 d5 3. Nd2 c5 4. c3 Nc6 5. exd5 exd5 6. Bb5 Qb6 7. Bxc6+ Qxc6 8. Ndf3 Bg4 9. Qc2 Nf6 10. Bf4 Bd6 11. Bxd6 Qxd6 12. h3 Bd7 13. Qe2+ Ne4 14. Ne5 cxd4 15. Nxd7 Kxd7 16. Qb5+ Qc6 17. Qxc6+ bxc6 18. cxd4 Rab8 19. b3 Rhe8 20. Nf3 f6 21. 0-0 Nc3 22. Rfe1 Rxe1+ 23. Nxe1 Ne2+ 24. Kf1 Nxd4 25. Rc1 Rb5 26. Nd3 Kd6 27. Ke1 Ra5 28. Kd2 Rxa2+ 29. Ke3 Nxb3 30. Rxc6+ Kxc6 31. Nb4+ Kc5 32. Nxa2 Kc4 33. Ke2 d4 34. Kd1 a5 35. h4 d3 36. g4 a4 37. f4 a3 38. g5 Nc5 39. Nc1 Kc3 40. gxf6 gxf6 41. h5 Kb2 42. h6 a2 43. Nxa2 Kxa2 44. f5 Kb3 45. Kc1 Kc3 46. Kd1 d2 47. Ke2 Kc2 48. Ke3 d1Q 49. Kf4 Qf1+ 50. Kg4 Qg2+ 51. Kh4 Ne4 0-1